Regional integration, FDI and competitiveness in southern Africa
Na minha lista:
| Autor principal: | |
|---|---|
| Autor Corporativo: | |
| Formato: | Livro |
| Idioma: | inglês |
| Publicado em: |
Paris
OECD
2004
|
| Colecção: | Development Centre studies
|
| Assuntos: | |
| Tags: |
Sem tags, seja o primeiro a adicionar uma tag!
|
MARC
| LEADER | 00000nam$a2200000$$$4500 | ||
|---|---|---|---|
| 001 | 0024101 | ||
| 005 | 20240314085917.5 | ||
| 020 | |a 92-64-00652-4 | ||
| 041 | 0 | |a eng | |
| 044 | |a FR | ||
| 245 | 1 | 0 | |a Regional integration, FDI and competitiveness in southern Africa |c by Andrea Goldstein |
| 264 | 1 | |a Paris |b OECD |c 2004 | |
| 300 | |a 146 s. | ||
| 490 | 1 | |a Development Centre studies | |
| 830 | 0 | |a Development Centre studies | |
| 610 | 2 | 0 | |a integrácia regionálna |
| 610 | 2 | 0 | |a investície priame zahraničné |
| 610 | 2 | 0 | |a konkurencia |
| 610 | 2 | 0 | |a Afrika |
| 100 | 1 | |a Goldstein, Andrea | |
| 710 | 2 | |a OECD. Development Centre | |